01132nam a2200217 a 450000100100000000500170001000800410002704000250006808200160009311000720010924502810018126000370046230000200049949000350051970000360055470000310059083000420062195201140066395201200077799900170089700002946620200930055553.0110415s2003 dr d 000 0 spa d aDO-SdBNPbspacBNPHU axxxbC3978e2 aCentro Nacional de Investigaciones en Salud Materno Infantil95575710aEnsayo clínico sobre la suplementación con selenio en niños positivos al Virus de Inmunodeficiencia Humana (VIH) para reducir la progresión de la infección VIH al Sindrome de Inmunodeficiencia Adquirida (SIDA) /ceditor Eddy Pérez-Then ; introducción Erwin Cruz. aSanto Domingo :bCENISMI,c2003. a34 p. ;c28 cm.1 aPublicaciones Técnicasvv. 11 aPérez-Then, Eddy,eed.9563351 aCruz, Erwineintrod955762 0aPublicaciones Técnicasvv. 1956334 0010718PDaPDbPDcCTd2011-04-15iLF1l0oxxx C3978ep29466-10r2020-06-25w2020-06-25yLFPDZNo se presta 0010718PDaPDbPDcCTd2011-04-15iLF1l0oxxx C3978ep29466-20r2020-06-25te. 2w2020-06-25yLFPDZNo se presta c28958d28958